000 00292nam a22001337a 4500
008 171020b xxu||||| |||| 00| 0 eng d
020 _a3486201298
041 _ager
080 _a338
100 _a54
101 _aMIS
245 _aINFORMATIONS-MANAGEMENT
_cHEINRICH,L.J
942 _2udc
_cBK
999 _c35080
_d35080